Statistics for English Equivalents to Slavic Names

Click here to take the quiz!

General Stats

  • This quiz has been taken 73 times
  • The average score is 11 of 18

Answer Stats

CROATIAN CZECH MACEDONIAN POLISH UKRAINIAN SLOVENE RUSSIAN ENGLISH % Correct
Petar-PetarPiotr--PyotrPeter
89%
---Alicja--AlisaAlice
85%
MatejMatyášMatejMaciej-MaticMatveyMatthew
85%
KristoforKryštofHristoforKrzysztof-Krištof-Christopher
83%
IvanJanIvanJanuszIvanJanIvanJohn
82%
VilimVilém---Viljem-William
80%
-Bedřich-Fryderyk-Friderik-Frederick
77%
-EvženEvgenijEugeniusz--YevgeniEugene
75%
ĐuroJiříGjorgjiJerzyYuriyJurijYegorGeorge
74%
-Eliška-LilianaYelyzaveta-YelizavetaElizabeth
65%
JelenaAlenaElena-OlenaJelenaAlyonaHelen
55%
-Markéta-Małgorzata-Marjeta-Margaret
54%
SonjaŽofieSonjaZosia-SonjaSonyaSophia
46%
RužaRůženaRuzha----Rose
31%
-Luděk-Ludwik-Alojz-Lewis
29%
IlijaIljaIleEliaszIlija-IlyaElijah
28%
----Fedir-FyodorTheodor
23%
KarlaKarolínaKarolinaKarolina-Karolina-Charlotte
6%

Score Distribution

Percentile by Number Answered

Percent of People with Each Score

Your Score History

You have not taken this quiz